[Event "FRA-ch U12"]
[Site "Le Grand Bornand"]
[Date "2007.04.??"]
[Round "1"]
[White "Viennot, Dylan"]
[Black "Bole, Oscar"]
[Result "1-0"]
[WhiteElo "1770"]
[BlackElo "1430"]
[PlyCount "90"]
[EventDate "2007.04.07"]
[EventType "swiss"]
[EventRounds "9"]
[EventCountry "FRA"]
[SourceTitle "CBM 118 Extra"]
[Source "ChessBase"]
[SourceDate "2007.07.04"]
[SourceVersion "1"]
[SourceVersionDate "2007.07.04"]
[SourceQuality "1"]

1. e4 e5 2. Nf3 Nc6 3. Bb5 a6 4. Ba4 Nf6 5. 0-0 b5 6. Bb3 Bc5 7. c3 d6 8. h3 Nxe4 9. Bd5 Nxf2 10. Bxc6+ Bd7 11. Bxd7+ Qxd7 12. Rxf2 Bxf2+ 13. Kxf2 0-0 14. d3 Rfe8 15. Be3 Qf5 16. Qc2 d5 17. Nbd2 Re7 18. Kg1 Rae8 19. Rf1 Qg6 20. Nb3 Re6 21. Qe2 d4 22. Nh4 Qg3 23. Nf5 Qg6 24. cxd4 exd4 25. Nbxd4 Re5 26. Qg4 Qxg4 27. hxg4 Rxe3 28. Nxe3 Rxe3 29. Rc1 h6 30. Rxc7 Rxd3 31. Nf3 Rd1+ 32. Kf2 Ra1 33. a3 Ra2 34. Rc2 Kf8 35. Ke3 Ke7 36. Kd3 Kd6 37. Kc3 Ra1 38. Kb4 Rd1 39. Rd2+ Rxd2 40. Nxd2 Kc6 41. Ka5 Kb7 42. Ne4 g6 43. Nd6+ Ka7 44. Nxf7 h5 45. gxh5 gxh5 1-0